000 00727nam a2200229 a 4500
001 BRL_1251
005 20190320211119.0
008 051213s1963----mx-ae#####---#000-0#spa-#
041 _aspa
044 _amx
050 4 _aF1219.1.T27
_b.B47 1963
100 1 _aBernal, Ignacio
_9778
245 1 0 _aTeotihuacán
_cpor Ignacio Bernal.
260 _aMéxico
_bINAH
_c1963
300 _a53 p.
_bil., 8 láminas, 7 plegables, planos
_c27 cm.
500 _aTítulo de cubierta: Teotihuacán: descubrimientos, reconstrucciones
500 _aEstado físico: lomo despegado y un plano plegable suelto
500 _aAu1458
651 4 _aTeotihuacán Sitio (San Juan Teotihuacán, México)
_924316
902 _aGRL
942 _2lcc
_cB
999 _c10063
_d10063